| 000 | 00649cam a2200229 4500 | ||
|---|---|---|---|
| 001 | 11261 | ||
| 003 | BD-RjUL | ||
| 005 | 20211208235109.0 | ||
| 008 | 140126s1970 nyu b 001 0 eng | ||
| 035 | _a(BD-RjUL) | ||
| 040 |
_aDLC _cDLC _dDLC _d(BD-RjUL) _dDLC _beng |
||
| 041 | _aeng | ||
| 082 | 0 | 0 |
_a547.12254 _bODP 1970 |
| 100 | 1 |
_aOdian, George G., _d1933- _934846 |
|
| 245 | 1 | 0 |
_aPrinciples of polymerization / _cGeorge Odian. |
| 260 |
_aNew York, _bMcGraw-Hill _c1970. |
||
| 300 |
_axviii, 652 p. : _c23 cm. |
||
| 504 | _aIncludes bibliographical references. | ||
| 650 | 0 |
_aPolymerization. _934847 |
|
| 942 |
_2ddc _cBK |
||
| 999 |
_c11261 _d11261 |
||